| 000 | 00387nam a2200169Ia 4500 | ||
|---|---|---|---|
| 008 | 230524s9999 xx 000 0 und d | ||
| 020 | _a9788177092325 | ||
| 082 |
_a530 _bVER |
||
| 100 |
_aH C Verma _943446 |
||
| 245 | 0 | _aConcepts of Physics Vol-II | |
| 250 | _a1 | ||
| 260 | _bBharati Bhawan | ||
| 300 | _a466 | ||
| 500 | _aQuantity Number: 1 | ||
| 650 | _aPhysics | ||
| 942 | _cBK | ||
| 999 |
_c58862 _d58862 |
||